Statistics for Top Spinach Producing Countries

Click here to take the quiz!

General Stats

  • This quiz has been taken 34 times
  • The average score is 11 of 15

Answer Stats

Tonnes Answer% Correct
118000France
100%
22.1 millChina
94%
350000USA
94%
96700Italy
94%
60800Spain
94%
257500Japan
91%
63000Germany
91%
207600Turkey
82%
134150Indonesia
79%
84200South Korea
70%
51000Malaysia
67%
84600Iran
61%
107000Belgium
58%
102000Pakistan
48%
96400Kenya
24%

Score Distribution

Percentile by Number Answered

Percent of People with Each Score

Your Score History

You have not taken this quiz